000 00314nam a22001457a 4500
008 230321b ||||| |||| 00| 0 eng d
020 _a9781470100896
041 _aeng
080 _a34
082 _a34KIN
100 _a31
101 _aJUREDIK
245 _aTHE CODE OF HAMMURABI
_cKING.W.L
942 _2udc
_cBK
999 _c59407
_d59407